Les loix ecclesiastiques de France dans leur ordre naturel, et une analyse des livres du droit canonique conferez avec les usages...

Detalles Bibliográficos
Autor principal: HERICOURT, Luis de
Formato: Libro
Publicado: París 1736
Materias:
Colección:Banco de datos
Acervo:Biblioteca Nacional de Antropología e Historia. Fondo Conventual
Descripción Física:tomos I y II
Tema general:Derecho Eclesiástico
Notas:Buena. XI,9,29. El tomo I se divide en 1a y 2a partes; el tomo II en 3a y 4a partes. Ex libris en sello de Antonio de la Rosa.
LEADER 00867nam a22002050004500
035 |a 11884 
036 |a 6489 
100 1 |a HERICOURT, Luis de 
245 1 0 |a Les loix ecclesiastiques de France dans leur ordre naturel, et une analyse des livres du droit canonique conferez avec les usages... 
260 |a París  |b Pedro-Juan Marietti  |c 1736 
300 |a tomos I y II 
500 |a Buena. XI,9,29. El tomo I se divide en 1a y 2a partes; el tomo II en 3a y 4a partes. Ex libris en sello de Antonio de la Rosa. 
650 1 0 |a Derecho Eclesiástico 
949 |a B.N.A.H. 
959 |a Biblioteca Nacional de Antropología e Historia. Ciudad de México  |b CCC1 
960 |a Seminario de Morelia  |b DD56 
961 |a Casa de formación del Clero Secular  |b CS 
942 |c B.N.A.H. 
943 |g Biblioteca Nacional de Antropología e Historia. Fondo Conventual 
999 |c 1036416  |d 1036416